000 00516nam a2200181Ia 4500
005 20250508170145.0
008 008 250505s9999 xx 000 0 eng d
037 _aTextual
040 _aFEDL
_beng
_cFEDL
041 _aeng
_2eng
084 _a370, UNE
_qFEDL
245 0 _aDiferent approaches for achieving EFA:Indian experience
260 _aNew Delhi, India
_bUNESCO
_c2003
300 _a201p.
546 _aGifted by Prof. Poonam Batra
942 _cTEXL
_h370, UNE
999 _c1399515
_d1399515